<?xml version="1.0" encoding="UTF-8"?>
<record
    xmlns:xsi="http://www.w3.org/2001/XMLSchema-instance"
    xsi:schemaLocation="http://www.loc.gov/MARC21/slim http://www.loc.gov/standards/marcxml/schema/MARC21slim.xsd"
    xmlns="http://www.loc.gov/MARC21/slim">

  <leader>01055nam a2200217Ia 4500</leader>
  <datafield tag="999" ind1=" " ind2=" ">
    <subfield code="c">39395</subfield>
    <subfield code="d">39395</subfield>
  </datafield>
  <controlfield tag="001">5984</controlfield>
  <controlfield tag="003">GE_BSU</controlfield>
  <controlfield tag="005">20221101112151.0</controlfield>
  <controlfield tag="008">181216s2010ru  xx |||||||||||||| ||rus||</controlfield>
  <datafield tag="020" ind1=" " ind2=" ">
    <subfield code="a">978 9941 14 830 9</subfield>
  </datafield>
  <datafield tag="040" ind1=" " ind2=" ">
    <subfield code="c">GE_BSU</subfield>
  </datafield>
  <datafield tag="041" ind1=" " ind2=" ">
    <subfield code="a">rus</subfield>
  </datafield>
  <datafield tag="080" ind1=" " ind2=" ">
    <subfield code="a">622.24 &#x412;-18</subfield>
  </datafield>
  <datafield tag="100" ind1=" " ind2=" ">
    <subfield code="a">&#x412;&#x430;&#x440;&#x448;&#x430;&#x43B;&#x43E;&#x43C;&#x438;&#x434;&#x437;&#x435;, &#x413;.&#x425;.</subfield>
    <subfield code="9">15684</subfield>
  </datafield>
  <datafield tag="245" ind1=" " ind2=" ">
    <subfield code="a">&#x421;&#x43E;&#x432;&#x440;&#x435;&#x43C;&#x435;&#x43D;&#x43D;&#x44B;&#x435; &#x43C;&#x435;&#x442;&#x43E;&#x434;&#x44B; &#x438; &#x442;&#x435;&#x445;&#x43D;&#x43E;&#x43B;&#x43E;&#x433;&#x438;&#x438; &#x431;&#x443;&#x440;&#x435;&#x43D;&#x438;&#x44F; &#x43D;&#x435;&#x444;&#x442;&#x44F;&#x43D;&#x44B;&#x445; &#x438; &#x433;&#x430;&#x437;&#x43E;&#x432;&#x44B;&#x445; &#x441;&#x43A;&#x432;&#x430;&#x436;&#x438;&#x43D;  /</subfield>
    <subfield code="c">&#x413;.&#x425;.  &#x412;&#x430;&#x440;&#x448;&#x430;&#x43B;&#x43E;&#x43C;&#x438;&#x434;&#x437;&#x435;.</subfield>
  </datafield>
  <datafield tag="264" ind1=" " ind2=" ">
    <subfield code="a">&#x422;&#x431;&#x438;&#x43B;&#x438;&#x441;&#x438; :</subfield>
    <subfield code="b">&#x413;&#x440;&#x443;&#x437;&#x438;&#x43D;&#x441;&#x43A;&#x438;&#x439; &#x442;&#x435;&#x445;&#x43D;&#x438;&#x447;&#x435;&#x441;&#x43A;&#x438;&#x439; &#x443;&#x43D;-&#x442;,</subfield>
    <subfield code="c">2010.</subfield>
  </datafield>
  <datafield tag="300" ind1=" " ind2=" ">
    <subfield code="a">1001 &#x441;&#x442;&#x440;. </subfield>
    <subfield code="b"> &#x441; &#x438;&#x43B;&#x43B;.</subfield>
    <subfield code="c">24 &#x441;&#x43C;.</subfield>
  </datafield>
  <datafield tag="653" ind1=" " ind2=" ">
    <subfield code="a">&#x421;&#x43E;&#x432;&#x440;&#x435;&#x43C;&#x435;&#x43D;&#x43D;&#x44B;&#x435; &#x43C;&#x435;&#x442;&#x43E;&#x434;&#x44B; &#x438; &#x442;&#x435;&#x445;&#x43D;&#x43E;&#x43B;&#x43E;&#x433;&#x438;&#x438; &#x431;&#x443;&#x440;&#x435;&#x43D;&#x438;&#x44F; &#x43D;&#x435;&#x444;&#x442;&#x44F;&#x43D;&#x44B;&#x445; &#x438; &#x433;&#x430;&#x437;&#x43E;&#x432;&#x44B;&#x445; &#x441;&#x43A;&#x432;&#x430;&#x436;&#x438;&#x43D;</subfield>
  </datafield>
  <datafield tag="653" ind1=" " ind2=" ">
    <subfield code="a">&#x10DC;&#x10D0;&#x10D5;&#x10D7;&#x10DD;&#x10D1;&#x10D8;&#x10E1;&#x10D0; &#x10D3;&#x10D0; &#x10D2;&#x10D0;&#x10D6;&#x10D8;&#x10E1; &#x10ED;&#x10D0;&#x10D1;&#x10E3;&#x10E0;&#x10E6;&#x10D8;&#x10DA;&#x10D4;&#x10D1;&#x10D8;&#x10E1; &#x10D1;&#x10E3;&#x10E0;&#x10E6;&#x10D5;&#x10D8;&#x10E1; &#x10D7;&#x10D0;&#x10DC;&#x10D0;&#x10DB;&#x10D4;&#x10D3;&#x10E0;&#x10DD;&#x10D5;&#x10D4; &#x10DB;&#x10D4;&#x10D7;&#x10DD;&#x10D3;&#x10D4;&#x10D1;&#x10D8; &#x10D3;&#x10D0; &#x10E2;&#x10D4;&#x10E5;&#x10DC;&#x10DD;&#x10DA;&#x10DD;&#x10D2;&#x10D8;&#x10D4;&#x10D1;&#x10D8;</subfield>
  </datafield>
  <datafield tag="942" ind1=" " ind2=" ">
    <subfield code="c">BK</subfield>
    <subfield code="2">udc</subfield>
  </datafield>
  <datafield tag="952" ind1=" " ind2=" ">
    <subfield code="0">0</subfield>
    <subfield code="1">0</subfield>
    <subfield code="2">udc</subfield>
    <subfield code="4">0</subfield>
    <subfield code="6">62224_&#x412;18</subfield>
    <subfield code="7">0</subfield>
    <subfield code="9">42489</subfield>
    <subfield code="a">CPL</subfield>
    <subfield code="b">CPL</subfield>
    <subfield code="c">GEN</subfield>
    <subfield code="d">2018-12-17</subfield>
    <subfield code="o">622.24 &#x412;-18</subfield>
    <subfield code="p">6629</subfield>
    <subfield code="r">2018-12-17</subfield>
    <subfield code="t">6629</subfield>
    <subfield code="w">2018-12-17</subfield>
    <subfield code="y">BK</subfield>
  </datafield>
  <datafield tag="952" ind1=" " ind2=" ">
    <subfield code="0">0</subfield>
    <subfield code="1">0</subfield>
    <subfield code="2">udc</subfield>
    <subfield code="4">0</subfield>
    <subfield code="6">62224_&#x412;18</subfield>
    <subfield code="7">0</subfield>
    <subfield code="9">101973</subfield>
    <subfield code="a">CPL</subfield>
    <subfield code="b">CPL</subfield>
    <subfield code="c">GEN</subfield>
    <subfield code="d">2025-01-31</subfield>
    <subfield code="g">15.00</subfield>
    <subfield code="o">622.24 &#x412;-18</subfield>
    <subfield code="p">70532</subfield>
    <subfield code="r">2025-01-31</subfield>
    <subfield code="t">70532</subfield>
    <subfield code="u">&#x10DC;&#x10D0;&#x10E9;&#x10E3;&#x10E5;&#x10D0;&#x10E0;&#x10D8;</subfield>
    <subfield code="w">2025-01-31</subfield>
    <subfield code="y">BK</subfield>
    <subfield code="z">15.00</subfield>
  </datafield>
</record>
